000 01619nam0a2200337 4500
001 RU\NLR\BIBL_A\022621519
005 20251202120823.0
010 _a978-5-91256-707-0
_9500
021 _aRU
_bКН-П-25-043888
_9КН-П-25-4270
035 _a(NLR Aleph) 022621519
090 _a13496689
_c13496689
100 _a20250915d2025 k y0rusy50 ca
101 0 _arus
102 _aRU
105 _aa z 000yy
181 0 _ai3
_baxxe
182 0 _an
200 1 _aПолитическая экономия в России: XIX в.
_eмонография
_fК. П. Стожко
_gМинистерство науки и высшего образования Российской Федерации, Министерство сельского хозяйства Российской Федерации, Уральский государственный аграрный университет, Уральский государственный экономический университет
203 _aТекст
_bвизуальный
_cнепосредственный
210 _aЕкатеринбург
_cАжур
_d2025
215 _a163 с.
_cил.
_d21
320 _aБиблиогр. в конце параграфов
606 1 _aПолитическая экономия
_xИстория
_yРоссия
_92552113
_3RU\NLR\AUTH\6601723193
686 1 _aУ02(2)5
686 1 _aУ02(2)7
686 1 _aА6г(2)
700 1 _aСтожко
_bК. П.
_f1955-
_gКонстантин Петрович
942 _cBOOK
980 _aNB